Lyrics to 'Belong Together' by Mark Ambor - Statistics

General Stats
  • This quiz has been taken 77 times
  • The average score is 188 of 231
Answer Stats
Answer % Correct
a
100%
and
100%
And
100%
be
100%
belong
100%
I
100%
Like
100%
me
100%
to
100%
To
100%
together
100%
we
100%
We
100%
you
100%
You
100%
The
98%
the
98%
weather
98%
cold
95%
tea
95%
all
93%
iced
90%
so
88%
But
85%
get
85%
out
85%
When
85%
when
85%
is
83%
know
83%
on
83%
sun
83%
shine
80%
some
80%
have
78%
I've
78%
my
78%
should
78%
that
78%
time
78%
won't
78%
it
76%
lay
76%
still
76%
underneath
76%
warmer
76%
been
73%
Cause
73%
rest
73%
damn
71%
Damn
71%
maybe
71%
way
71%
Blueberries
68%
day
68%
fun
68%
I'm
68%
say
68%
sleep
68%
things
68%
butterflies
66%
death
66%
friends
66%
it's
66%
working
66%
eyes
63%
got
63%
pines
63%
Goes
61%
good
61%
much
61%
Where
61%
with
61%
call
59%
for
59%
here
59%
late
59%
need
59%
Oh
59%
oh
59%
pretty
59%
alive
56%
don't
56%
greet
56%
love
54%
This
54%
just
51%
then
49%
wine
49%
enough
46%
find
46%
we've
46%
homemade
44%
again
41%
always
41%
drinks
41%
Spilling
41%
cheers
34%
throw
34%
worries
34%
sink
32%
mmm
7%
No matching quizzes found
Score Distribution
Percent of People with Each Score
Percentile by Number Answered
Your Score History
You have not taken this quiz